Loading...
| Current Events | 2 | 20.00 | 100% | 100% | 0% |
| Fine Arts - Classical Music | 7 | 17.14 | 100% | 71% | 0% |
| Fine Arts - Other | 5 | 12.00 | 80% | 20% | 20% |
| Fine Arts - Painting and Sculpture | 9 | 12.22 | 100% | 22% | 0% |
| Geography | 1 | 0.00 | 0% | 0% | 0% |
| History - American | 8 | 17.50 | 100% | 75% | 0% |
| History - European | 10 | 21.00 | 100% | 60% | 50% |
| History - Other | 8 | 20.00 | 100% | 63% | 38% |
| History - World | 7 | 15.71 | 86% | 71% | 0% |
| Literature - American | 9 | 22.22 | 100% | 67% | 56% |
| Literature - British | 7 | 21.43 | 100% | 86% | 29% |
| Literature - European | 11 | 20.00 | 100% | 73% | 27% |
| Literature - World | 6 | 16.67 | 100% | 50% | 17% |
| Mythology | 10 | 19.00 | 100% | 40% | 50% |
| Other Academic | 2 | 20.00 | 100% | 100% | 0% |
| Philosophy | 6 | 23.33 | 100% | 83% | 50% |
| Pop Culture | 3 | 26.67 | 100% | 67% | 100% |
| Religion | 8 | 21.25 | 100% | 75% | 38% |
| Science - Biology | 7 | 20.00 | 100% | 71% | 29% |
| Science - Chemistry | 10 | 15.00 | 100% | 50% | 0% |
| Science - Other | 4 | 15.00 | 100% | 50% | 0% |
| Science - Physics | 7 | 20.00 | 100% | 57% | 43% |
| Social Science | 6 | 16.67 | 100% | 67% | 0% |